| 000 | 00497nam a22001697a 4500 | ||
|---|---|---|---|
| 005 | 20260128115941.0 | ||
| 008 | 260128b |||||||| |||| 00| 0 eng d | ||
| 040 |
_aKABLIB _cKABLIB _erda |
||
| 082 |
_223 _a839.8336 _bMEY |
||
| 100 |
_aMeyer, Michael _914758 |
||
| 245 |
_aIbsen : _ba biography by Michael Meyer/ _cMichael Meyer. |
||
| 260 |
_aNew York : _bPenguin Books, _cc1971. |
||
| 300 |
_a907 p. ; _c20 cm. |
||
| 500 | _aIncludes bibliographies, index. | ||
| 650 | _aFiction | ||
| 942 |
_2ddc _cBOOK |
||
| 999 |
_c5853 _d5853 |
||